Formel 1 Podium 1964 - Statistiken

Allgemein
  • Dieses Quiz wurde 37 mal gespielt
  • Das Durchschnittsergebnis liegt bei 6 aus 11
Antwortstatistiken
Antwort % Korrekt
John Surtees
91%
Graham Hill
86%
Jack Brabham
86%
Jim Clark
86%
Dan Gurney
73%
Bruce Mclaren
59%
Richie Ginther
45%
Lorenzo Bandini
36%
Joseph Siffert
32%
Peter Arundell
9%
Robert Anderson
5%
Keine übereinstimmenden Quizze gefunden
Verteilung der Resultate
Anzahl Personen mit jedem Resultat
Perzentil nach korrekt beantworteten Fragen
Ihre Resultats-Entwicklung
Sie haben dieses Quiz noch nicht gespielt